Pečate a znaky stolíc na Slovensku

Bibliographic Details
Main Author: Sokolovský, Leon, 1949- (Author)
Format: Book
Language:Slovak
Latin
PhysicalDescription:239 s. faks., fareb. fotogr., 30 cm
Published: Bratislava Filozofická fakulta Univerzity Komenského v Bratislave 2010
ISBN:9788089236541
Edition:1. vyd.
Subjects:

MARC

LEADER 00000nam a2200000 a 4500
001 vtls010287649
003 SK-MaSNL
005 20260425223130.0
008 240318s2010 xo ho f 001 0 slo
015 |a SNBA2011/10-05572 
020 |a 9788089236541  |q (viaz.) 
035 |a urn:nbn:sk:snk-am008x7w 
035 |a urn:nbn:sk:snk-am3hb5a 
035 |a 9D74D573-E786-4354-92A1-B4EAF50E2C56 
040 |a SNK  |b slo  |c SNK  |e AACR2 
041 0 |a slo  |a lat  |b eng  |b ger  |b hun 
043 |a e-xo--- 
044 |a xo  |c SK 
072 7 |a 930  |x Historická veda. Pomocné vedy historické. Archívnictvo  |2 konspekt 
072 7 |a 929.5/.9  |x Genealógia. Heraldika. Šľachta. Vlajky  |2 konspekt 
080 |a 929.651  |2 2011 
080 |a 929.6:911.375  |2 2001 
080 |a 929.6  |2 2011 
080 |a (048.8)  |2 2001 
080 |a (437.6)  |2 2011 
080 |a (091)  |2 2011 
100 1 |a Sokolovský, Leon,  |d 1949-  |4 aut  |9 210030 
245 1 0 |a Pečate a znaky stolíc na Slovensku  |c Leon Sokolovský 
250 |a 1. vyd. 
260 |a Bratislava  |b Filozofická fakulta Univerzity Komenského v Bratislave  |c 2010 
300 |a 239 s.  |b faks., fareb. fotogr.,  |c 30 cm 
504 |a Bibliogr. s. 219-224 ; bibliogr. odkazy ; ostatné skrat. ; zoz. ilustr. ; vec. reg. 
521 |a Nepredajné 
546 |a Text aj lat. ; res. angl., nem. a maď. 
650 0 7 |a pečate  |2 SNKPH  |9 3056 
650 0 7 |a mestské znaky  |2 SNKPH  |9 89872 
650 0 7 |a heraldika  |2 SNKPH  |9 3642 
650 0 7 |a sfragistika  |2 SNKPH  |9 14812 
650 0 7 |a Seals  |2 SNKPHeng  |9 320028 
650 0 7 |a City coats of arms  |2 SNKPHeng  |9 320026 
650 0 7 |a Heraldry  |2 SNKPHeng  |9 324048 
650 0 7 |a sfragistika  |2 SNKPHeng  |9 14812 
651 7 |a Slovensko  |2 SNKPHgeo  |9 14231 
651 7 |a Slovakia  |2 SNKPHeng  |9 92630 
655 7 |a monografie  |2 SNKPH  |9 70139 
655 7 |a Monographs  |2 SNKPHeng  |9 120675 
710 2 |a Univerzity Komenského v Bratislave (Bratislava, Slovensko)  |b Filozofická fakulta  |4 pbl  |9 328092 
852 |a Štátna vedecká knižnica v Banskej Bystrici 
919 |a 978-80-89236-54-1 
958 |a NB 
968 |d 92 
999 |c 577439  |d 579369 
952 |a SNK  |b SNK  |y VYP  |7 0  |p 17A0705417  |o snkSB 81673 D1  |i snk2011/14231  |8 0  |0 0  |1 0  |4 0  |d 2011-06-22  |l 0  |r 2016-06-30 00:00:00  |w 2026-02-23 
952 |a SNK  |b SNK  |y PREZ  |7 0  |p 17A0705418  |o snkSB 81673  |i snk2011/14229  |8 0  |0 0  |1 0  |4 0  |d 2011-06-22  |f 1  |l 0  |r 2025-05-05 00:00:00  |w 2026-02-23